[Event "Open Bicentenario Móstoles 1808"]
[Site "Móstoles ESP"]
[Date "2008.05.29"]
[Round "8.22"]
[White "Salcedo Tornero, Pablo"]
[Black "Martin-Consuegra Barrilero, Francisco Javier"]
[Result "1-0"]
[WhiteElo "2191"]
[BlackElo "1910"]
[PlyCount "143"]
[EventDate "2008.05.20"]
[EventType "swiss"]
[EventRounds "1"]
[EventCountry "ESP"]
[Source "lmi"]
[SourceDate "2008.05.20"]

1. e4 d5 2. Nc3 dxe4 3. Nxe4 Nd7 4. Bc4 e6 5. Nf3 Ngf6 6. Ng3 Bd6 7. d3 Nb6 8.
Bb3 c5 9. Qe2 O-O 10. O-O Bd7 11. Ne5 Qc7 12. Nxd7 Nbxd7 13. Bg5 a6 14. Rfe1 h6
15. Bd2 b5 16. c3 Rfe8 17. Rad1 Rad8 18. Bc1 Nb6 19. Qf3 Nbd7 20. Bc2 Ne5 21.
Qe2 Nc6 22. Be3 Nd5 23. Qh5 Nxe3 24. Rxe3 Bf4 25. Re4 Bxg3 26. hxg3 f5 27. Re3
Qf7 28. Qf3 Rd6 29. Qe2 a5 30. a4 b4 31. Bb3 Nd8 32. Re5 Qf6 33. Rxc5 bxc3 34.
bxc3 Rc6 35. Rxc6 Nxc6 36. d4 Rb8 37. Qxe6+ Qxe6 38. Bxe6+ Kf8 39. Bxf5 Ne7 40.
Rb1 Rxb1+ 41. Bxb1 Nd5 42. c4 Nc3 43. Bd3 Nxa4 44. Kf1 Nb2 45. Ke2 a4 46. c5
Ke7 47. Kd2 a3 48. Bb1 Kd7 49. Ba2 Kc6 50. Kc2 Kb5 51. Bd5 Na4 52. Kb3 a2 53.
Bc4+ Ka5 54. Kxa2 Kb4 55. Be6 Nc3+ 56. Kb2 Nb5 57. c6 Nc7 58. Bf7 Kb5 59. d5
Kc5 60. Kc3 Nb5+ 61. Kd3 Nc7 62. Ke4 Kd6 63. Kf5 Ke7 64. Kg6 Kf8 65. d6 Nb5 66.
d7 Ke7 67. Kxg7 Nd4 68. Kxh6 Nxc6 69. Be8 Kf6 70. g4 Nd8 71. g5+ Ke7 72. g6 1-0

[Event "Open Bicentenario Móstoles 1808"]
[Site "Móstoles ESP"]
[Date "2008.05.29"]
[Round "8.23"]
[White "Laurentiu, Burlacu"]
[Black "Galan Aguado, Fernando"]
[Result "1-0"]
[WhiteElo "2113"]
[BlackElo "1926"]
[PlyCount "123"]
[EventDate "2008.05.20"]
[EventType "swiss"]
[EventRounds "1"]
[EventCountry "ESP"]
[Source "lmi"]
[SourceDate "2008.05.20"]

1. e4 e6 2. d4 d5 3. e5 c5 4. c3 Nc6 5. Nf3 Qb6 6. Bd3 Bd7 7. Bc2 cxd4 8. cxd4
Nb4 9. O-O Nxc2 10. Qxc2 Ne7 11. Nc3 Rc8 12. a3 Nf5 13. Rd1 Rc4 14. Qd3 Be7 15.
Rb1 g6 16. b3 Rc8 17. g4 Ng7 18. Bh6 O-O 19. a4 a6 20. Ne2 Rc7 21. Rbc1 Bc6 22.
h4 Rfc8 23. Kg2 Ba3 24. Ra1 Bf8 25. h5 Be8 26. Rac1 Rxc1 27. Bxc1 Qc6 28. h6
Qc2 29. hxg7 Bxg7 30. Qxc2 Rxc2 31. Rd2 Rc7 32. Ba3 b6 33. Bd6 Rc6 34. Ne1 f5
35. gxf5 gxf5 36. Rc2 Bh6 37. Rxc6 Bxc6 38. Nc2 b5 39. a5 Bd2 40. Bb4 Bg5 41.
f4 Bd8 42. Bc3 Bb7 43. Nc1 Kg7 44. Nd3 Kg6 45. Nc5 Bc8 46. Kh3 h6 47. Be1 Kh5
48. b4 Be7 49. Na3 Bd8 50. Bf2 Bc7 51. Bh4 Bb8 52. Bd8 Ba7 53. Bb6 Bb8 54. Nxb5
axb5 55. a6 Kg6 56. a7 Bxa7 57. Bxa7 Kh5 58. Bb6 Kg6 59. Kh4 h5 60. Bd8 Kh6 61.
Bf6 Kg6 62. Bg5 1-0

[Event "Open Bicentenario Móstoles 1808"]
[Site "Móstoles ESP"]
[Date "2008.05.29"]
[Round "8.24"]
[White "Martos De La Vega, Alvaro"]
[Black "Lopez Heras, Arturo"]
[Result "1-0"]
[WhiteElo "1940"]
[BlackElo "2031"]
[PlyCount "71"]
[EventDate "2008.05.20"]
[EventType "swiss"]
[EventRounds "1"]
[EventCountry "ESP"]
[Source "lmi"]
[SourceDate "2008.05.20"]

1. d4 Nf6 2. c4 c5 3. d5 b5 4. cxb5 a6 5. bxa6 Bxa6 6. Nc3 g6 7. g3 Bg7 8. e4
Bxf1 9. Kxf1 d6 10. Kg2 O-O 11. f4 Nbd7 12. Nf3 Qb6 13. Re1 Ra7 14. Re2 Rfa8
15. h3 Ne8 16. Qe1 Nc7 17. Be3 Qb4 18. a3 Qb3 19. Rc1 Nb6 20. Nd1 Nc4 21. Nd2
Nxe3+ 22. Rxe3 Qa4 23. Nc3 Qa6 24. e5 Rb8 25. Rc2 Rab7 26. b3 dxe5 27. fxe5 Bh6
28. Qe2 Bxe3 29. Qxe3 Qxa3 30. d6 exd6 31. exd6 Ne6 32. Nde4 Qa8 33. Nf6+ Kg7
34. Qe5 Rxb3+ 35. Ncd5 Rh8 36. Ne8+ 1-0

[Event "Open Bicentenario Móstoles 1808"]
[Site "Móstoles ESP"]
[Date "2008.05.29"]
[Round "8.25"]
[White "Sierra Bermejo, Gregorio"]
[Black "Fernandez Garcia, Ignacio"]
[Result "0-1"]
[WhiteElo "1770"]
[BlackElo "2002"]
[PlyCount "56"]
[EventDate "2008.05.20"]
[EventType "swiss"]
[EventRounds "1"]
[EventCountry "ESP"]
[Source "lmi"]
[SourceDate "2008.05.20"]

1. c4 Nf6 2. Nf3 d6 3. Nc3 e5 4. d3 Be7 5. g3 c6 6. Bg2 Na6 7. O-O Bd7 8. a3
Qc8 9. b4 h6 10. Re1 g5 11. Nd2 Nc7 12. e4 Bh3 13. Qa4 Bxg2 14. Kxg2 Ne6 15.
Ne2 h5 16. Bb2 h4 17. f3 hxg3 18. hxg3 Nf4+ 19. Nxf4 gxf4 20. Rh1 Rg8 21. g4
Nxg4 22. Rag1 Ne3+ 23. Kf2 Kd7 24. b5 Rxg1 25. bxc6+ bxc6 26. Rxg1 Qh8 27. Nf1
Nxf1 28. Kxf1 Qh3+ 0-1

[Event "Open Bicentenario Móstoles 1808"]
[Site "Móstoles ESP"]
[Date "2008.05.29"]
[Round "8.28"]
[White "Prieto Velasco, Rafael"]
[Black "Montero Garcia, Francisco Javier"]
[Result "0-1"]
[WhiteElo "1718"]
[BlackElo "1919"]
[PlyCount "80"]
[EventDate "2008.05.20"]
[EventType "swiss"]
[EventRounds "1"]
[EventCountry "ESP"]
[Source "lmi"]
[SourceDate "2008.05.20"]

1. d4 Nf6 2. c4 g6 3. Nc3 Bg7 4. e4 O-O 5. Nf3 d6 6. Be2 e5 7. Be3 h6 8. dxe5
dxe5 9. Qxd8 Rxd8 10. Nd5 Na6 11. Nxf6+ Bxf6 12. Bxh6 Nc5 13. Bg5 Bxg5 14. Nxg5
f6 15. b4 Na6 16. Nf3 Nxb4 17. O-O b6 18. c5 Be6 19. a4 Nc2 20. Rac1 Nd4 21.
Rfe1 Nb3 22. Bc4 Bxc4 23. Rxc4 Nxc5 24. a5 Rd7 25. h4 Rad8 26. axb6 cxb6 27.
Re2 Rd1+ 28. Kh2 Rb1 29. g3 a5 30. Rd2 Rxd2 31. Nxd2 Rb2 32. Rxc5 bxc5 33. Nc4
Rxf2+ 34. Kg1 Ra2 35. g4 a4 36. g5 Kf7 37. Nd6+ Ke6 38. Nb5 fxg5 39. hxg5 Rb2
40. Na3 Rb3 0-1

[Event "Open Bicentenario Móstoles 1808"]
[Site "Móstoles ESP"]
[Date "2008.05.29"]
[Round "8.29"]
[White "Camarero Izquierdo, Juan Carlos"]
[Black "Ramos Garcia, Raul"]
[Result "0-1"]
[WhiteElo "1973"]
[BlackElo "1842"]
[PlyCount "78"]
[EventDate "2008.05.20"]
[EventType "swiss"]
[EventRounds "1"]
[EventCountry "ESP"]
[Source "lmi"]
[SourceDate "2008.05.20"]

1. e4 e6 2. d4 d5 3. e5 c5 4. c3 Nc6 5. Nf3 cxd4 6. cxd4 Bb4+ 7. Nc3 Nge7 8.
Bd3 h6 9. O-O O-O 10. Be3 a6 11. Qd2 Bxc3 12. bxc3 f5 13. Bxh6 gxh6 14. Qxh6
Qe8 15. Nh4 Qf7 16. Qe3 Qh5 17. f4 Qxh4 18. Rf3 Ng6 19. Rg3 Kf7 20. Rf1 Bd7 21.
Rh3 Qd8 22. Rh7+ Ke8 23. Rf3 Nce7 24. Rfh3 Bb5 25. Bc2 Qa5 26. Bd1 Qxa2 27. Bh5
Qb1+ 28. Kf2 Qf1+ 29. Kg3 Rc8 30. Bxg6+ Nxg6 31. Rg7 Rxc3 32. Rxg6 Rxe3+ 33.
Kh4 Rh8+ 34. Kg5 Rexh3 35. Rxe6+ Kd8 36. Rd6+ Kc7 37. gxh3 Qxh3 38. Rxd5 Qg2+
39. Kxf5 Qxd5 0-1

[Event "Open Bicentenario Móstoles 1808"]
[Site "Móstoles ESP"]
[Date "2008.05.29"]
[Round "8.30"]
[White "Benitez Cadenas, Luis Miguel"]
[Black "Keller, August"]
[Result "0-1"]
[WhiteElo "1820"]
[BlackElo "1866"]
[PlyCount "58"]
[EventDate "2008.05.20"]
[EventType "swiss"]
[EventRounds "1"]
[EventCountry "ESP"]
[Source "lmi"]
[SourceDate "2008.05.20"]

1. d4 d5 2. c4 dxc4 3. Nf3 Nf6 4. e3 e6 5. Bxc4 c5 6. O-O Nc6 7. Qe2 cxd4 8.
Rd1 Be7 9. Bb3 O-O 10. exd4 Nb4 11. Bg5 Nbd5 12. Nc3 Nxc3 13. bxc3 b6 14. c4
Ba6 15. Qe5 Ng4 16. Bxe7 Nxe5 17. Bxd8 Nxf3+ 18. gxf3 Rfxd8 19. Kg2 Kf8 20. Rd2
Rac8 21. d5 Bxc4 22. Rad1 Bxb3 23. axb3 Rxd5 24. Rxd5 exd5 25. Rxd5 Ke7 26. Kg3
Rc3 27. b4 Rc4 28. b5 Rc5 29. Rd4 Rxb5 0-1

[Event "Open Bicentenario Móstoles 1808"]
[Site "Móstoles ESP"]
[Date "2008.05.29"]
[Round "8.31"]
[White "Garcia Lopez, Fernando"]
[Black "De los Rios Camacho, Juan Antonio"]
[Result "0-1"]
[WhiteElo "1797"]
[BlackElo "1819"]
[PlyCount "63"]
[EventDate "2008.05.20"]
[EventType "swiss"]
[EventRounds "1"]
[EventCountry "ESP"]
[Source "lmi"]
[SourceDate "2008.05.20"]

1. e4 c5 2. Nf3 d6 3. d4 cxd4 4. Nxd4 Nf6 5. Nc3 a6 6. Bg5 e5 7. Bxf6 gxf6 8.
Qh5 exd4 9. Bc4 Qc7 10. Nd5 Qxc4 11. Nxf6+ Kd8 12. Qa5+ Qc7 13. Qg5 Be7 14. Qg7
Re8 15. Nxe8 Kxe8 16. Qxd4 Qa5+ 17. c3 Qe5 18. O-O-O Nc6 19. Qxe5 dxe5 20. Rd3
Be6 21. Kb1 Rd8 22. Rg3 Rd7 23. Rg8+ Bf8 24. b3 Na5 25. f3 f6 26. Rh8 h6 27. g3
Kf7 28. Rh7+ Bg7 29. f4 Kg8 30. Rxg7+ Kxg7 31. f5 Bf7 32. Kc1 0-1

[Event "Open Bicentenario Móstoles 1808"]
[Site "Móstoles ESP"]
[Date "2008.05.29"]
[Round "8.32"]
[White "Gutierrez Garcia, Alberto"]
[Black "Cortijo Manso, Luis"]
[Result "0-1"]
[WhiteElo "1803"]
[BlackElo "1732"]
[PlyCount "81"]
[EventDate "2008.05.20"]
[EventType "swiss"]
[EventRounds "1"]
[EventCountry "ESP"]
[Source "lmi"]
[SourceDate "2008.05.20"]

1. e4 c5 2. Nf3 d6 3. Bc4 e6 4. O-O Nf6 5. e5 dxe5 6. Nxe5 a6 7. a4 Qd4 8. Re1
Be7 9. c3 Qd8 10. d3 O-O 11. Nd2 Nbd7 12. Ndf3 Nxe5 13. Nxe5 Qc7 14. Bg5 b6 15.
f4 Bb7 16. Bxf6 Bxf6 17. Qh5 Bd5 18. Bxd5 exd5 19. Re3 b5 20. Rh3 h6 21. Rg3
Kh8 22. axb5 Bxe5 23. fxe5 axb5 24. Rf1 Rae8 25. Rf6 Re6 26. Rxg7 Rxf6 27. exf6
Qf4 28. Rxf7 Qe3+ 29. Kf1 Qxd3+ 30. Kf2 Qc2+ 31. Kf1 Qc1+ 32. Kf2 Qxb2+ 33. Kf1
Qc1+ 34. Kf2 Qd2+ 35. Kf1 Qd3+ 36. Kf2 Qd2+ 37. Kf1 Qf4+ 38. Kg1 Re8 39. Rh7+
Kxh7 40. Qxe8 Qxf6 41. Qxb5 0-1

[Event "Open Bicentenario Móstoles 1808"]
[Site "Móstoles ESP"]
[Date "2008.05.30"]
[Round "9.1"]
[White "Pogorelov, Ruslan"]
[Black "Mirzoev, Azer"]
[Result "1/2-1/2"]
[WhiteElo "2409"]
[BlackElo "2518"]
[PlyCount "35"]
[EventDate "2008.05.20"]
[EventType "swiss"]
[EventRounds "1"]
[EventCountry "ESP"]
[Source "lmi"]
[SourceDate "2008.05.20"]

1. Nf3 d5 2. d4 Nf6 3. c4 dxc4 4. e3 e6 5. Bxc4 a6 6. O-O c5 7. dxc5 Qxd1 8.
Rxd1 Bxc5 9. Nbd2 Nbd7 10. Nb3 Be7 11. Be2 b6 12. Nfd4 Bb7 13. f3 O-O 14. e4
Rac8 15. Be3 Rfd8 16. Rac1 Kf8 17. Kf2 Ke8 18. Re1 1/2-1/2

[Event "Open Bicentenario Móstoles 1808"]
[Site "Móstoles ESP"]
[Date "2008.05.30"]
[Round "9.2"]
[White "Lariño Nieto, David"]
[Black "Moreno Ruiz, Javier"]
[Result "1/2-1/2"]
[WhiteElo "2427"]
[BlackElo "2469"]
[PlyCount "209"]
[EventDate "2008.05.20"]
[EventType "swiss"]
[EventRounds "1"]
[EventCountry "ESP"]
[Source "lmi"]
[SourceDate "2008.05.20"]

1. e4 e6 2. d4 d5 3. Nd2 Nf6 4. Bd3 c5 5. e5 Nfd7 6. c3 Nc6 7. Ne2 cxd4 8. cxd4
Qb6 9. Nf3 f6 10. exf6 Nxf6 11. O-O Bd6 12. Nc3 O-O 13. Bg5 Bd7 14. Rc1 Be8 15.
Re1 Bh5 16. Na4 Qc7 17. Rxe6 Bxh2+ 18. Kf1 Qf7 19. Nc5 Nxd4 20. Re3 Nxf3 21.
gxf3 Ng4 22. Re7 Qxf3 23. Qxf3 Rxf3 24. Bh4 b6 25. Kg2 Rf7 26. Rxf7 Bxf7 27.
Na6 Bf4 28. Rd1 g5 29. Bg3 Bxg3 30. Kxg3 Ne5 31. Bf5 Rd8 32. Nc7 Kg7 33. f4
gxf4+ 34. Kxf4 Ng6+ 35. Ke3 d4+ 36. Rxd4 Rxd4 37. Kxd4 Bxa2 38. b4 Kf6 39. Be4
h5 40. Nb5 a5 41. Nc3 Bb3 42. bxa5 bxa5 43. Ne2 h4 44. Bg2 Kg5 45. Ng1 Nf4 46.
Nf3+ Kg4 47. Nxh4 Kxh4 48. Kc3 Bd5 49. Bf1 Kg3 50. Kd4 Kf2 51. Bb5 Bb3 52. Kc3
Bf7 53. Kb2 Bh5 54. Ka3 Bd1 55. Ba4 Be2 56. Be8 Bd1 57. Ba4 Bh5 58. Bb5 Ke3 59.
Ka4 Kd4 60. Kxa5 Kc5 61. Bd7 Nd5 62. Be6 Nb6 63. Bg8 Be2 64. Ba2 Bb5 65. Bb3
Nc8 66. Ba4 Bd3 67. Bd7 Nb6 68. Bb5 Bf5 69. Bf1 Bd7 70. Bb5 Be6 71. Bf1 Nd5 72.
Ba6 Nb4 73. Bb7 Bd7 74. Ba6 Bg4 75. Bb5 Bf3 76. Be8 Bd1 77. Ba4 Bf3 78. Be8 Nd5
79. Ka4 Nb6+ 80. Kb3 Bd5+ 81. Kc3 Be4 82. Bf7 Nc8 83. Bc4 Nd6 84. Ba6 Bg6 85.
Be2 Kd5 86. Bf3+ Kc5 87. Be2 Ne4+ 88. Kd3 Ng3+ 89. Ke3 Nf5+ 90. Kd2 Nd6 91. Kc3
Ne4+ 92. Kd3 Nf6+ 93. Kd2 Kd4 94. Bf3 Nd7 95. Ke2 Ne5 96. Kf2 Kd3 97. Bb7 Kd2
98. Ba6 Bh5 99. Bb5 Bf7 100. Ba6 Nc6 101. Kf3 Kc3 102. Ke3 Nb4 103. Bb7 Bg6
104. Be4 Bh5 105. Bb7 1/2-1/2

[Event "Open Bicentenario Móstoles 1808"]
[Site "Móstoles ESP"]
[Date "2008.05.30"]
[Round "9.4"]
[White "Roa Alonso, Santiago"]
[Black "Kovacevic, Slobodan"]
[Result "1/2-1/2"]
[WhiteElo "2481"]
[BlackElo "2411"]
[PlyCount "24"]
[EventDate "2008.05.20"]
[EventType "swiss"]
[EventRounds "1"]
[EventCountry "ESP"]
[Source "lmi"]
[SourceDate "2008.05.20"]

1. Nf3 c5 2. c4 Nf6 3. Nc3 e6 4. e3 b6 5. d4 cxd4 6. exd4 d6 7. Bd3 Be7 8. O-O
O-O 9. b3 Nbd7 10. Bb2 Bb7 11. Re1 Re8 12. Nd2 d5 1/2-1/2

[Event "Open Bicentenario Móstoles 1808"]
[Site "Móstoles ESP"]
[Date "2008.05.30"]
[Round "9.5"]
[White "Barria Zuñiga, Daniel"]
[Black "De la Fuente Gonzalez, Francisco"]
[Result "1-0"]
[WhiteElo "2416"]
[BlackElo "2265"]
[PlyCount "49"]
[EventDate "2008.05.20"]
[EventType "swiss"]
[EventRounds "1"]
[EventCountry "ESP"]
[Source "lmi"]
[SourceDate "2008.05.20"]

1. d4 d5 2. c4 c6 3. Nf3 Nf6 4. Nc3 dxc4 5. a4 Bf5 6. e3 e6 7. Bxc4 Bb4 8. O-O
O-O 9. Nh4 Bg4 10. f3 Nd5 11. fxg4 Qxh4 12. e4 Nf6 13. g5 Bd6 14. e5 Ng4 15.
Bf4 Bxe5 16. dxe5 Nxh2 17. Bxh2 Qxc4 18. Rf4 Qc5+ 19. Qd4 Na6 20. Qxc5 Nxc5 21.
Rd1 Rad8 22. Rfd4 Rxd4 23. Rxd4 Rc8 24. Bg3 a5 25. b4 1-0

[Event "Open Bicentenario Móstoles 1808"]
[Site "Móstoles ESP"]
[Date "2008.05.30"]
[Round "9.7"]
[White "Ballesteros Gonzalez, David"]
[Black "Sanchez Naranjo, Jose Manuel"]
[Result "0-1"]
[WhiteElo "2277"]
[BlackElo "2150"]
[PlyCount "88"]
[EventDate "2008.05.20"]
[EventType "swiss"]
[EventRounds "1"]
[EventCountry "ESP"]
[Source "lmi"]
[SourceDate "2008.05.20"]

1. e4 c5 2. Nf3 Nc6 3. Bc4 g6 4. O-O Bg7 5. c3 d6 6. d4 Nf6 7. dxc5 O-O 8. cxd6
exd6 9. Qd3 Bg4 10. Bf4 Bxf3 11. Qxf3 Ne5 12. Bxe5 dxe5 13. Na3 Qb6 14. Bb3 a5
15. Qe2 Rfc8 16. Rad1 Bf8 17. Nc4 Qc5 18. Qf3 Kg7 19. Ne3 a4 20. Bd5 Rc7 21. a3
Re8 22. Kh1 b5 23. g4 Qa7 24. h4 Bc5 25. h5 Qb6 26. Ba2 h6 27. Rg1 Qc6 28. Bd5
Qd7 29. Qe2 Rb8 30. Rg3 Bxe3 31. fxe3 Rd8 32. Rgg1 Qe7 33. hxg6 fxg6 34. Qg2
Rcd7 35. Rgf1 Nxd5 36. exd5 e4 37. Rf4 Rxd5 38. Rdf1 Rd1 39. Kg1 Rxf1+ 40. Qxf1
Rf8 41. Qxb5 Rxf4 42. exf4 Qa7+ 43. Kg2 Qe3 44. Qf1 Kf7 0-1

[Event "Open Bicentenario Móstoles 1808"]
[Site "Móstoles ESP"]
[Date "2008.05.30"]
[Round "9.8"]
[White "Alvarez Abejon, Amilcar"]
[Black "Morales Rivera, John Alexander"]
[Result "0-1"]
[WhiteElo "2128"]
[BlackElo "2379"]
[PlyCount "108"]
[EventDate "2008.05.20"]
[EventType "swiss"]
[EventRounds "1"]
[EventCountry "ESP"]
[Source "lmi"]
[SourceDate "2008.05.20"]

1. e4 c5 2. Nf3 d6 3. d4 cxd4 4. Nxd4 Nf6 5. Nc3 a6 6. Be3 e5 7. Nf3 h6 8. Bc4
Be7 9. O-O O-O 10. Bb3 Be6 11. Bxe6 fxe6 12. Qd3 Nc6 13. Rfd1 Rc8 14. a4 Qe8
15. Qe2 Qg6 16. Ne1 Kh7 17. f3 Nh5 18. Nd3 Nd4 19. Bxd4 exd4 20. Nb1 Bg5 21. c3
Be3+ 22. Kf1 e5 23. Na3 Bf4 24. Nxf4 Nxf4 25. Qd2 dxc3 26. bxc3 Rxc3 27. Ra2
Rfc8 28. Rc2 Rxc2 29. Nxc2 Qxg2+ 30. Qxg2 Nxg2 31. Kxg2 Rxc2+ 32. Kg3 Rc6 33.
Kg4 Kg6 34. h4 h5+ 35. Kg3 Kf6 36. a5 b5 37. axb6 Rxb6 38. Rd5 Ke6 39. Ra5 g6
40. Kf2 Rc6 41. Ke3 Rb6 42. Ke2 Ke7 43. Ra1 Kf6 44. Ke3 g5 45. hxg5+ Kxg5 46.
Rg1+ Kf6 47. Ra1 Rc6 48. Kf2 Kg5 49. Kg3 h4+ 50. Kh3 Kf4 51. Ra3 Rc2 52. Rxa6
Rd2 53. Ra4 Kxf3 54. Kxh4 Rd4 0-1

[Event "Open Bicentenario Móstoles 1808"]
[Site "Móstoles ESP"]
[Date "2008.05.30"]
[Round "9.10"]
[White "Estrada Martinez, Cesar"]
[Black "Toranzo Fernandez, Dionisio"]
[Result "1-0"]
[WhiteElo "2247"]
[BlackElo "2051"]
[PlyCount "73"]
[EventDate "2008.05.20"]
[EventType "swiss"]
[EventRounds "1"]
[EventCountry "ESP"]
[Source "lmi"]
[SourceDate "2008.05.20"]

1. Nf3 Nf6 2. c4 e6 3. d4 Bb4+ 4. Bd2 a5 5. a3 Bxd2+ 6. Nbxd2 d6 7. e4 e5 8. h3
O-O 9. Bd3 c5 10. d5 Nh5 11. g3 g6 12. Qe2 Ng7 13. g4 f6 14. O-O-O Bd7 15. Rdg1
Na6 16. Nb1 a4 17. Nc3 Qa5 18. h4 Rfc8 19. h5 g5 20. h6 Ne8 21. Qd2 Qd8 22. Rh5
Qe7 23. Nd1 b5 24. Ne3 bxc4 25. Bxc4 Nac7 26. Nf5 Bxf5 27. gxf5 Kh8 28. Nxg5
fxg5 29. Rhxg5 Nf6 30. Rg7 Qf8 31. Qe3 Rab8 32. f4 Nce8 33. fxe5 dxe5 34. Qg3
Rc7 35. Rxc7 Nxc7 36. Qg7+ Qxg7 37. hxg7+ 1-0

[Event "Open Bicentenario Móstoles 1808"]
[Site "Móstoles ESP"]
[Date "2008.05.30"]
[Round "9.11"]
[White "Martinez Tormo, Jorge"]
[Black "Alvarez Escudero, Manuel"]
[Result "1-0"]
[WhiteElo "2169"]
[BlackElo "1913"]
[PlyCount "75"]
[EventDate "2008.05.20"]
[EventType "swiss"]
[EventRounds "1"]
[EventCountry "ESP"]
[Source "lmi"]
[SourceDate "2008.05.20"]

1. e4 e5 2. Nf3 Nc6 3. Bb5 d6 4. d4 Bd7 5. Nc3 exd4 6. Nxd4 Nge7 7. Bg5 Nxd4 8.
Qxd4 a6 9. Be2 h6 10. Be3 Nc6 11. Qd2 Ne5 12. h3 c6 13. f4 Ng6 14. O-O-O Be7
15. g4 b5 16. Bd3 Qa5 17. e5 d5 18. Bxg6 fxg6 19. Qd3 O-O-O 20. Qxg6 b4 21. Nb1
Qxa2 22. e6 b3 23. exd7+ Kxd7 24. Rh2 Bf6 25. Bd4 bxc2 26. Rxc2 Qa4 27. Qf5+
Ke7 28. Re2+ Kd6 29. Bxf6 gxf6 30. Qxf6+ Kc7 31. Re7+ Kb6 32. Nc3 Qc4 33. Qd4+
Qxd4 34. Rxd4 Rdf8 35. f5 a5 36. Na4+ Kb5 37. Rb7+ Ka6 38. Nc5# 1-0

[Event "Open Bicentenario Móstoles 1808"]
[Site "Móstoles ESP"]
[Date "2008.05.30"]
[Round "9.12"]
[White "Fuentes Arjona, Antonio"]
[Black "Lopez de Turiso, Jose Angel"]
[Result "1/2-1/2"]
[WhiteElo "2046"]
[BlackElo "2178"]
[PlyCount "104"]
[EventDate "2008.05.20"]
[EventType "swiss"]
[EventRounds "1"]
[EventCountry "ESP"]
[Source "lmi"]
[SourceDate "2008.05.20"]

1. e4 e5 2. Nf3 Nc6 3. d4 exd4 4. c3 d5 5. exd5 Qxd5 6. cxd4 Bg4 7. Be2 Bb4+ 8.
Nc3 Bxf3 9. Bxf3 Qc4 10. Bxc6+ bxc6 11. Qe2+ Qxe2+ 12. Kxe2 O-O-O 13. Rd1 Ne7
14. a3 Ba5 15. Be3 Nf5 16. g4 Nd6 17. b4 Bb6 18. a4 a5 19. bxa5 Bxa5 20. Rdc1
h5 21. h3 hxg4 22. hxg4 Rh4 23. Kf3 Rdh8 24. Ne2 Kd7 25. Rc5 Bb4 26. Rc2 Rh1
27. Raa2 Ra8 28. Nf4 Rd1 29. Ke2 Rb1 30. Nd3 Ba5 31. Ne5+ Ke6 32. Nxc6 Kd7 33.
Kf3 f6 34. Nxa5 Rxa5 35. Rc5 Nb7 36. Rc3 c6 37. Rc4 Nd6 38. Rc5 Nb7 39. Rcc2
Rb3 40. Rab2 Rxb2 41. Rxb2 Nd6 42. Rb4 Ke6 43. Bf4 g5 44. Bxd6 Kxd6 45. Ke4 Ke6
46. Rc4 Kd6 47. f4 gxf4 48. Kxf4 Rd5 49. Rb4 Ra5 50. Rc4 Rd5 51. Ke4 Rg5 52.
Kf4 Rd5 1/2-1/2

[Event "Open Bicentenario Móstoles 1808"]
[Site "Móstoles ESP"]
[Date "2008.05.30"]
[Round "9.13"]
[White "Ruiz Martin, Juan"]
[Black "Barco Cardona, Juan Carlos"]
[Result "0-1"]
[WhiteElo "2114"]
[BlackElo "2038"]
[PlyCount "116"]
[EventDate "2008.05.20"]
[EventType "swiss"]
[EventRounds "1"]
[EventCountry "ESP"]
[Source "lmi"]
[SourceDate "2008.05.20"]

1. e4 Nc6 2. Nc3 d6 3. d4 Nf6 4. Be3 Ng4 5. Bg5 h6 6. Bh4 g5 7. Bg3 Bg7 8. h3
Nf6 9. Nf3 Nh5 10. Bh2 Nf4 11. Qd2 e5 12. dxe5 dxe5 13. Qxd8+ Kxd8 14. Nd5 Be6
15. O-O-O Kc8 16. g3 Nxh3 17. Bg1 Nxg1 18. Nxg1 a6 19. f3 Re8 20. g4 Ne7 21.
Ne3 b5 22. Ne2 Rd8 23. Re1 Bf8 24. Ng3 Ng8 25. a3 c6 26. Ngf5 Ra7 27. Be2 f6
28. Ref1 Rh7 29. a4 Kc7 30. c3 bxa4 31. Bc4 Bxc4 32. Nxc4 Ne7 33. Nxe7 Bxe7 34.
Kc2 a3 35. b3 Bf8 36. Ra1 Rhd7 37. b4 Rd3 38. Rxa3 c5 39. bxc5 Rxf3 40. Rxa6
Rf2+ 41. Kb3 Rb8+ 42. Rb6 Rf4 43. Kb4 Rxb6+ 44. Nxb6 Kc6 45. Na4 Rxe4+ 46. c4
Rxg4 47. Rd1 Rd4 48. Rf1 Be7 49. Rh1 h5 50. Rb1 h4 51. Kc3 Bxc5 52. Rb5 Be7 53.
Rb6+ Kc7 54. Ra6 h3 55. Nb2 h2 56. Ra1 g4 57. Nd3 g3 58. Nf4 Rxf4 0-1

[Event "Open Bicentenario Móstoles 1808"]
[Site "Móstoles ESP"]
[Date "2008.05.30"]
[Round "9.15"]
[White "Hernandez Navas, Francisco Javier"]
[Black "Arauz Alonso, Fernando"]
[Result "0-1"]
[WhiteElo "2044"]
[BlackElo "2097"]
[PlyCount "112"]
[EventDate "2008.05.20"]
[EventType "swiss"]
[EventRounds "1"]
[EventCountry "ESP"]
[Source "lmi"]
[SourceDate "2008.05.20"]

1. c4 c6 2. Nc3 d5 3. cxd5 cxd5 4. d4 Nc6 5. Nf3 Nf6 6. e3 e6 7. Bb5 Bd6 8. O-O
O-O 9. Bd2 a6 10. Bxc6 bxc6 11. Rc1 c5 12. b3 cxd4 13. Nxd4 Bd7 14. Rc2 Qe7 15.
Bc1 Rfc8 16. Bb2 Rc7 17. Nce2 Rac8 18. Rxc7 Rxc7 19. Qd3 Bc8 20. Rc1 Rxc1+ 21.
Nxc1 Qc7 22. h3 Ne4 23. Qc2 Qxc2 24. Nxc2 Bd7 25. Ne2 f6 26. Ba3 Bc7 27. f3 Nd6
28. Bc5 Kf7 29. Kf2 h5 30. g4 hxg4 31. hxg4 f5 32. gxf5 Nxf5 33. e4 dxe4 34.
fxe4 Nd6 35. Ke3 Bc6 36. Nb4 Bb7 37. e5 Nf5+ 38. Kf4 Nh4 39. Bd6 Bd8 40. Nd3
g5+ 41. Kg3 Nf5+ 42. Kg4 Ne3+ 43. Kg3 Nf5+ 44. Kg4 a5 45. Nc5 Bc6 46. Nc3 Ne3+
47. Kg3 Nf5+ 48. Kg4 Ne3+ 49. Kh3 g4+ 50. Kg3 Bf3 51. N3e4 Nf5+ 52. Kf4 Nd4 53.
Ng3 Kg6 54. Nce4 Nb5 55. Bc5 Nc3 56. a3 Nd5# 0-1

[Event "Open Bicentenario Móstoles 1808"]
[Site "Móstoles ESP"]
[Date "2008.05.30"]
[Round "9.16"]
[White "Prada Lopez, Miguel Angel"]
[Black "Cabañas Bravo, Juan Andres"]
[Result "1/2-1/2"]
[WhiteElo "2203"]
[BlackElo "2014"]
[PlyCount "32"]
[EventDate "2008.05.20"]
[EventType "swiss"]
[EventRounds "1"]
[EventCountry "ESP"]
[Source "lmi"]
[SourceDate "2008.05.20"]

1. e4 e5 2. Nc3 Nc6 3. Bc4 Bc5 4. Qg4 Qf6 5. Nd5 Qxf2+ 6. Kd1 Nf6 7. Qxg7 Nxd5
8. Qxh8+ Bf8 9. Nh3 Qxg2 10. Rg1 Qxh3 11. exd5 Qxh2 12. Re1 d6 13. dxc6 Bg4+
14. Be2 Bxe2+ 15. Rxe2 Qg1+ 16. Re1 Qg4+ 1/2-1/2

[Event "Open Bicentenario Móstoles 1808"]
[Site "Móstoles ESP"]
[Date "2008.05.30"]
[Round "9.17"]
[White "Laurentiu, Burlacu"]
[Black "Lopez Andujar Ocana, Antonio"]
[Result "0-1"]
[WhiteElo "2113"]
[BlackElo "2191"]
[PlyCount "92"]
[EventDate "2008.05.20"]
[EventType "swiss"]
[EventRounds "1"]
[EventCountry "ESP"]
[Source "lmi"]
[SourceDate "2008.05.20"]

1. e4 e5 2. Nf3 Nc6 3. Bb5 Bc5 4. c3 Nf6 5. O-O O-O 6. d4 Bb6 7. d5 Nb8 8. Bd3
d6 9. a4 a6 10. Bg5 Nbd7 11. b4 Re8 12. h3 Nf8 13. Nbd2 h6 14. Bh4 Ng6 15. Bg3
Nh5 16. Bh2 Nhf4 17. Bxf4 Nxf4 18. Nc4 Qf6 19. Nxb6 cxb6 20. Kh2 Bd7 21. Rg1
Rac8 22. c4 b5 23. axb5 axb5 24. Rc1 bxc4 25. Bxc4 b5 26. Bf1 Rxc1 27. Qxc1
Nxh3 28. gxh3 Qxf3 29. Qc7 Qxf2+ 30. Kh1 Bc8 31. Qxd6 Qh4 32. Qc6 Rd8 33. Qc3
Qxe4+ 34. Bg2 Qh4 35. Re1 f6 36. Re4 Qh5 37. Re1 Qe8 38. Qc5 Qd7 39. Ra1 e4 40.
Ra8 f5 41. Kg1 Qb7 42. Ra7 Rxd5 43. Qf2 Rd1+ 44. Kh2 Qb8+ 45. Qg3 Qxa7 46. Bxe4
Rd2+ 0-1